[Event "Sao Paulo Hebraica op 19th"]
[Site "Sao Paulo"]
[Date "2015.01.09"]
[Round "2"]
[White "Silva, Sediney Mari"]
[Black "Hayashi, Kaito"]
[Result "1-0"]
[WhiteElo "1777"]
[BlackElo "1667"]
[PlyCount "133"]
[EventDate "2015.01.08"]
[EventType "swiss"]
[EventRounds "6"]
[EventCountry "BRA"]
[SourceTitle "CBM 164 Extra"]
[Source "ChessBase"]
[SourceDate "2015.03.02"]
[SourceVersion "1"]
[SourceVersionDate "2015.03.02"]
[SourceQuality "1"]

1. e4 e5 2. Nf3 Nc6 3. Bc4 Nf6 4. d4 exd4 5. e5 Ne4 6. 0-0 d5 7. exd6 Qxd6 8. Re1 f5 9. Ng5 Qe5 10. f3 Be7 11. fxe4 Qc5 12. Bb3 fxe4 13. Rxe4 Qf5 14. Qe1 h6 15. Be6 Qf6 16. Nf3 Bxe6 17. Rxe6 Qf7 18. Nbd2 0-0-0 19. Nb3 Bb4 20. Bd2 Bxd2 21. Nfxd2 Rhe8 22. Rxe8 Rxe8 23. Qf2 Qg6 24. Nf3 b6 25. Re1 Rxe1+ 26. Nxe1 Qe6 27. Nf3 g5 28. h3 Nb4 29. Nfxd4 Qe8 30. a3 Na6 31. Qe2 Qf7 32. Qe6+ Qxe6 33. Nxe6 Kd7 34. Ned4 c5 35. Nf5 h5 36. Kf2 Ke6 37. Ng7+ Kf6 38. Nxh5+ Kg6 39. g4 Nc7 40. c4 Ne8 41. Nd2 Nd6 42. Ng3 Nf7 43. Ke3 Kf6 44. Nge4+ Kg6 45. Nf3 Kh6 46. b3 a5 47. Nc3 Kg6 48. a4 Kf6 49. Nd5+ Ke6 50. Nxb6 Kd6 51. Nd5 Ke6 52. Nc3 Kd6 53. Ne4+ Kc6 54. Nexg5 Nh6 55. Ke4 Kd6 56. Ne5 Ng8 57. Ngf7+ Ke6 58. g5 Ne7 59. h4 Ng8 60. h5 Ne7 61. h6 Ng8 62. h7 Nf6+ 63. gxf6 Kxf6 64. h8Q+ Ke6 65. Qh6+ Ke7 66. Qd6+ Ke8 67. Qd8# 1-0

[Event "Sao Paulo Hebraica op 17th"]
[Site "Sao Paulo"]
[Date "2014.01.12"]
[Round "6"]
[White "Vescovi, Katherine Lemos"]
[Black "Silva, Sediney Mari"]
[Result "1-0"]
[WhiteElo "1810"]
[BlackElo "1800"]
[PlyCount "29"]
[EventDate "2014.01.09"]
[EventType "swiss"]
[EventRounds "6"]
[EventCountry "BRA"]
[SourceTitle "CBM 158 Extra"]
[Source "ChessBase"]
[SourceDate "2014.02.28"]
[SourceVersion "1"]
[SourceVersionDate "2014.02.28"]
[SourceQuality "1"]

1. e4 e5 2. Nf3 Nc6 3. Bb5 d6 4. 0-0 Bd7 5. c3 a6 6. Ba4 Nf6 7. Re1 Be7 8. d4 0-0 9. d5 Na7 10. Bxd7 Nxd7 11. Nbd2 f5 12. exf5 Rxf5 13. Qc2 Rf7 14. Ne4 h6 15. Ng3 1-0